Manuel de l'amateur d'estampes / (Record no. 53290)

MARC details
000 -LEADER
campo de control de longitud fija 00858nam a22002415i 4500
001 - NÚMERO DE CONTROL
campo de control 53290
003 - IDENTIFICADOR DE NÚMERO DE CONTROL
campo de control ES-MaACL
005 - FECHA Y HORA DE LA ÚLTIMA TRANSACCIÓN
campo de control 20250817051947.0
007 - CAMPO FIJO DE DESCRIPCIÓN FÍSICA--INFORMACIÓN GENERAL
campo de control de longitud fija t|
008 - DATOS DE LONGITUD FIJA--INFORMACIÓN GENERAL
campo de control de longitud fija 950914m18841885fr af ||||1| fre d
040 ## - FUENTE DE CATALOGACIÓN
Centro catalogador/agencia de origen CAM
Lengua de catalogación spa
Centro/agencia transcriptor CAM
100 1# - ENTRADA PRINCIPAL--NOMBRE DE PERSONA
Nombre de persona Dutuit, Eugène.
9 (RLIN) 46365
245 10 - MENCIÓN DEL TÍTULO
Título Manuel de l'amateur d'estampes /
Mención de responsabilidad, etc. par Eugène Dutuit.
260 ## - PUBLICACIÓN, DISTRIBUCIÓN, ETC.
Lugar de publicación, distribución, etc. Paris :
Nombre del editor, distribuidor, etc. A. Lèvy ;
Lugar de publicación, distribución, etc. Londres :
Nombre del editor, distribuidor, etc. Dulau et Cie,
Fecha de publicación, distribución, etc. 1884 (
Fabricante Pillet et Dumoulin)
300 ## - DESCRIPCIÓN FÍSICA
Extensión <6> v. ;
Dimensiones 30 cm.
500 ## - NOTA GENERAL
Nota general Faltan t. 2 y 3.
505 8# - NOTA DE CONTENIDO CON FORMATO
Nota de contenido con formato Contiene: T. 1 (1ª y 2ª parte): Introduction générale -- T. 4, 5 y 6: Ecoles flamande et hollandaise -- T. 7: Planches xylographiques (tome I)
650 17 - PUNTO DE ACCESO ADICIONAL DE MATERIA--TÉRMINO DE MATERIA
Término de materia o nombre geográfico como elemento de entrada Grabado
Fuente del encabezamiento o término embne
9 (RLIN) 13138
700 1# - ENTRADA AGREGADA--NOMBRE PERSONAL
Nombre de persona Lèvy, A.,
Término indicativo de función/relación
9 (RLIN) 230243
710 2# - ENTRADA AGREGADA--NOMBRE DE ENTIDAD CORPORATIVA
Nombre de entidad corporativa o nombre de jurisdicción como elemento de entrada Dulau et C.,
Término indicativo de función/relación
9 (RLIN) 230244
852 ## - LOCALIZACIÓN
Ubicación ES-MaACL
Número de control de estantería F-12493-8
Holdings
Estatus retirado Estado de pérdida Estado de daño No para préstamo Colección Biblioteca de origen Biblioteca actual Ubicación en estantería Fecha de adquisición Fuente de adquisición Total de préstamos Signatura topográfica completa Código de barras Visto por última vez Precio de reemplazo Tipo de ítem Koha
        Libros del s. XIX Biblioteca del Ateneo de Madrid Biblioteca del Ateneo de Madrid Sala Pecera Planta 2 17/01/2008     F-12493-8 1055995 23/02/2023 23/02/2023 Libro impreso antiguo